| 000 | 00707nam a22002297a 4500 | ||
|---|---|---|---|
| 005 | 20170124110151.0 | ||
| 010 | _aA-775761 | ||
| 020 |
_c00.00 _a8171930670 |
||
| 035 | _aA-775761 | ||
| 037 | _bCen Lib/Ret | ||
| 040 |
_aDPL _bEN |
||
| 082 |
_a649 _bKUL |
||
| 100 |
_aKulkarni , Sudha _933962 |
||
| 245 |
_aResponsible parenthood and harmonies / _cby Sudha Kulkarni [and] Suneeta Kulkarni |
||
| 260 |
_aJaipur _bClassic Publishing House _c1995 |
||
| 270 |
_b260-61, Choura Rasta _aJaipur _e302003 |
||
| 300 |
_a226p. _c21cm(Hb) |
||
| 650 |
_aParenthood _922687 |
||
| 650 |
_aDevelopment and Growth _933963 |
||
| 700 |
_aKulkarni, Suneeta _933964 |
||
| 942 |
_2ddc _cEN _h649 _mKUL |
||
| 999 |
_c132192 _d132192 |
||